000 01042nam0a22002531 4500
001 rc\3534834
005 20260407153423.0
021 _aRU
_b[72-28946]
035 _a(NLR Aleph) 007667035
090 _a6394111
_c6394111
100 _a20130115d1972 |||y0rusy50 ca
101 0 _arus
102 _aRU
105 _ay z |||||
200 1 _aТезисы докладов
_fВсесоюз. науч.-исслед. ин-т сов. законодательства. Теорет. конф. аспирантов и соискателей. Апр. 1972 г.
210 _aМосква
_cБ. и.
_d1972
215 _a64 с.
_d21
606 _aСоветское социалистическое право
_jТезисы докладов
_2psbo
710 0 2 _aВНИИ советского законодательства
_bТеоретическая конференция аспирантов
_f1972
_9689365
_3RU\NLR\AUTH\8810094095
801 0 _aRU
_bNLR
_gpsbo
801 1 _aRU
_bELAR
_2rusmarc
852 _aNLR
_j72-6/3923
942 _cBOOK
980 _aNB